000 00517nam a2200169Ia 4500
008 151213s9999 xx 000 0 und d
020 _a984-508-257-2
082 _a338.9
_b338.9
100 _aBangladesh Bureou of Statistics
245 _aYear Book of Agriculture Statistics of Bangladesh 1994
_cBangladesh Bureou of Statistics
260 _aDhaka
_bB B S
_c1996
300 _a6403 p.
650 _aReference
650 _aStatistics Report : Reference
700 _aBangladesh Bureou of Statistics
999 _c3536
_d3536